000
00268 a2200133 4500
001
194869
040
_c
Magnum
100
_a
Vieira, Adelina Lopes
240
1
0
_a
Dom Quixote
_l
por
245
1
0
_a
Dom Quixote
300
_a
2
697
_a
LITERATURA GERAL
942
_c
BK
999
_c
194869
_d
194869